000
00255nam a22001217a 4500
008
170224b xxu||||| |||| 00| 0 srb d
041
_a
srb
080
_a
61
100
_a
4
101
_a
SHM
245
_a
INTERNA MEDICINA
_c
STEFANOVIC, S
942
_2
udc
_c
BK
999
_c
6238
_d
6238